| 000 | 00355nam a2200133Ia 4500 | ||
|---|---|---|---|
| 008 | 231229s2016 xx 000 0 und d | ||
| 041 | _aeng | ||
| 082 |
_a342.540853 _bDAS |
||
| 100 | _aDAS (P.K.) | ||
| 245 | _aHandbook on The Right to Information Act | ||
| 250 | _a5th | ||
| 260 |
_bUniversal Law Publishing Co. Pvt. Ltd. _c2016 |
||
| 300 | _avi, 1096 | ||
| 999 |
_c1061388 _d1061388 |
||